Detalles MARC
| 000 -CABECERA |
| campo de control de longitud fija |
01717nam a2200265 i 4500 |
| 003 - IDENTIFICADOR DEL NÚMERO DE CONTROL |
| campo de control |
DO-SdBNP |
| 005 - FECHA Y HORA DE LA ÚLTIMA TRANSACCIÓN |
| campo de control |
20250116162810.0 |
| 006 - CÓDIGOS DE INFORMACIÓN DE LONGITUD FIJA--CARACTERÍSTICAS DEL MATERIAL ADICIONAL |
| campo de control de longitud fija |
a||||gr|||| 00| 0 |
| 007 - CAMPO FIJO DE DESCRIPCIÓN FÍSICA--INFORMACIÓN GENERAL |
| campo de control de longitud fija |
ta |
| 008 - DATOS DE LONGITUD FIJA--INFORMACIÓN GENERAL |
| campo de control de longitud fija |
220803e200? dr a|||fr|||| 00| 0 spa d |
| 040 ## - FUENTE DE LA CATALOGACIÓN |
| Centro catalogador/agencia de origen |
DO-SdBNP |
| Lengua de catalogación |
spa |
| Centro/agencia transcriptor |
BNPHU |
| Normas de descripción |
rda |
| 082 #4 - NÚMERO DE LA CLASIFICACIÓN DECIMAL DEWEY |
| Número de edición |
22 |
| Número de documento/Ítem |
R337d |
| 245 10 - MENCIÓN DE TÍTULO |
| Título |
Registro: |
| Resto del título |
datos generales y control de asistencia. escuela multigrado. |
| 264 ## - PRODUCCIÓN, PUBLICACIÓN, DISTRIBUCIÓN, FABRICACIÓN Y COPYRIGHT |
| Producción, publicación, distribución, fabricación y copyright |
Santo Domingo : |
| Nombre del de productor, editor, distribuidor, fabricante |
Ministerio de Educación de la República Dominicana, |
| Fecha de producción, publicación, distribución, fabricación o copyright |
[200?] |
| 300 ## - DESCRIPCIÓN FÍSICA |
| Extensión |
97 páginas : |
| Otras características físicas |
Ilustraciones ; |
| Dimensiones |
28 cm. |
| 336 ## - TIPO DE CONTENIDO |
| Fuente |
rdacontent |
| Término de tipo de contenido |
texto |
| Código de tipo de contenido |
txt |
| 337 ## - TIPO DE MEDIO |
| Fuente |
rdamedia |
| Nombre/término del tipo de medio |
sinmediación |
| Código del tipo de medio |
n |
| 338 ## - TIPO DE SOPORTE |
| Fuente |
rdacarrier |
| Nombre/término del tipo de soporte |
volumen |
| Código del tipo de soporte |
nc |
| 505 0# - NOTA DE CONTENIDO CON FORMATO |
| Nota de contenido con formato |
Orientaciones Generales |
| Título |
Datos generales del centro educativo.-- |
| -- |
Datos generales del maestro y la maestra.-- |
| -- |
Resumen de matrícula inicial al 15 de octubre.-- |
| -- |
Control de asistencia y puntualidad.-- |
| -- |
Resumen anual de asistencia.-- |
| -- |
Resumen de inscritos e inscritas de la sección.-- |
| -- |
Datos generales de la/del estudiante.-- |
| -- |
Orientaciones para la evaluación.-- |
| -- |
Matriz de la equivalencia de los por ciento.-- |
| -- |
Condición final delas y los estudiantes de 3ro. a 6.to grado.-- |
| -- |
Resumen de matrícula final, según situación de los y las estudiantes.-- |
| -- |
Identificación de situaciones y posibles alternativas de soluciones.-- |
| -- |
Registro de experiencias directas.-- |
| -- |
Registro de acompañantes a la práctica pedagógica.-- |
| -- |
Instrumento para validación del registro de grado 2015 - 2016 |
| 590 ## - NOTA LOCAL (RLIN) |
| Nota local |
Inventariado 2024 / MF |
| 650 #4 - PUNTO DE ACCESO ADICIONAL DE MATERIA--TÉRMINO DE MATERIA |
| 9 (RLIN) |
37515 |
| Término de materia o nombre geográfico como elemento de entrada |
Registro de Estudiantes |
| 651 #4 - PUNTO DE ACCESO ADICIONAL DE MATERIA--NOMBRE GEOGRÁFICO |
| 9 (RLIN) |
80640 |
| Nombre geográfico |
Ministerio de Educación (República Dominicana) |
| Subdivisión general |
Registro de Estudiantes |
| 710 1# - PUNTO DE ACCESO ADICIONAL--NOMBRE DE ENTIDAD CORPORATIVA |
| Nombre de entidad corporativa o nombre de jurisdicción como elemento de entrada |
República Dominicana |
| Unidad subordinada |
Ministerio de Educación |
| 9 (RLIN) |
72019 |
| 942 ## - ELEMENTOS DE PUNTO DE ACCESO ADICIONAL (KOHA) |
| Fuente del sistema de clasificación o colocación |
Dewey Decimal Classification |
| Tipo de ítem Koha |
Libro |